| 000 | 01271nam a22003254a 4500 | ||
|---|---|---|---|
| 001 | ebr10167881 | ||
| 003 | CaPaEBR | ||
| 006 | m u | ||
| 007 | cr cn||||||||| | ||
| 008 | 040108s2004 ctuab sb 001 0 eng | ||
| 010 | _z 2004000176 | ||
| 020 | _z0300103905 (cloth : alk. paper) | ||
| 040 |
_aCaPaEBR _cCaPaEBR |
||
| 035 | _a(OCoLC)567997904 | ||
| 043 | _an-us--- | ||
| 050 | 1 | 4 |
_aQL737.C22 _bC62 2004eb |
| 082 | 0 | 4 |
_a599.773/0973 _222 |
| 100 | 1 |
_aColeman, Jon T., _d1970- |
|
| 245 | 1 | 0 |
_aVicious _h[electronic resource] : _bwolves and men in America / _cJon T. Coleman. |
| 260 |
_aNew Haven : _bYale University Press, _cc2004. |
||
| 300 |
_axv, 270 p. : _bill., maps. |
||
| 490 | 1 | _aWestern Americana series | |
| 504 | _aIncludes bibliographical references (p. 237-265) and index. | ||
| 533 |
_aElectronic reproduction. _bPalo Alto, Calif. : _cebrary, _d2013. _nAvailable via World Wide Web. _nAccess may be limited to ebrary affiliated libraries. |
||
| 650 | 0 |
_aWolves _zUnited States _xHistory. |
|
| 655 | 7 |
_aElectronic books. _2local |
|
| 710 | 2 | _aebrary, Inc. | |
| 830 | 0 | _aYale Western Americana series. | |
| 856 | 4 | 0 |
_uhttp://site.ebrary.com/lib/rucke/Doc?id=10167881 _zAn electronic book accessible through the World Wide Web; click to view |
| 999 |
_c247460 _d247460 |
||